[Event "19th Lviv Tradition 2018"]
[Site "Lviv"]
[Date "2018.01.24"]
[Round "4"]
[White "Bykovskiy, Oleg"]
[Black "Mosesov, Danylo"]
[Result "1-0"]
[WhiteElo "2197"]
[BlackElo "2294"]
[Annotator "TA"]
[PlyCount "145"]
[EventDate "2018.??.??"]
[EventType "tourn"]
[EventCountry "UKR"]
[SourceTitle "playchess.com"]
[Source "ChessBase"]
[SourceQuality "1"]

{[%evp 9,145,0,2,0,16,8,37,41,41,43,53,41,38,23,23,20,34,31,58,37,41,37,39,37,94,35,45,43,46,43,46,46,46,31,40,40,36,38,30,34,36,55,35,26,27,19,54,58,70,67,86,77,90,0,0,-23,-19,-15,-21,-36,-35,-38,-37,-37,-43,-39,-11,-16,0,0,0,0,0,-1,0,0,0,0,0,0,0,0,0,-18,0,-10,0,-15,0,0,0,0,0,0,0,0,0,0,197,191,232,218,281,294,288,295,336,308,320,156,155,166,162,0,145,117,210,159,233,228,274,263,259,270,410,399,750,739,735,738,710,696,646,625,504,379,29994,29995]} 1. e4 c6 2. Nf3 d5 3. exd5 cxd5 4. Ne5 Nc6 (4... Qb6 5. d4 Nc6 6. Nxc6 bxc6 7. c3 a5 8. Bd3 Ba6 9. O-O Nf6 10. Bxa6 Qxa6 11. Bg5 e6 12. Bxf6 gxf6 {0-1 (30) Safarli,E (2639)-Fedoseev,V (2718) Riadh 2017}) 5. Bb5 Bd7 {LiveBook: 11 Games} 6. Bxc6 {B10: Caro-Kann: 2 d3 and 2 c4} bxc6 7. d4 Nf6 8. O-O {White is slightly better.} e6 9. c4 $146 ({Predecessor:} 9. b3 Be7 10. Ba3 Bxa3 11. Nxa3 Qa5 {½-½ (50) Kayumov,S (2425)-Gareyev,T (2551) Tashkent 2007}) 9... dxc4 10. Bg5 Be7 11. Nd2 O-O 12. Ndxc4 Nd5 13. Bxe7 Qxe7 14. Rc1 Rfc8 15. Na5 Be8 16. Rc5 Rc7 ({Black should play} 16... Qd6 $14) 17. Qd2 (17. Nexc6 $16 Qg5 18. Qc2) 17... Rac8 18. Rfc1 {[%cal Re5c6]} Qd6 $1 19. b4 h6 20. a3 Ne7 21. Nec4 Qd8 22. Qf4 Nf5 23. Rd1 Rd7 {[%cal Rf5d4]} 24. Nb3 $1 ({But not} 24. Nxc6 $2 Rxc6 $1 {[%mdl 512]} 25. Rxc6 Nxd4 $19) 24... Rd5 25. Ne3 Nxe3 26. fxe3 e5 27. Qe4 exd4 28. Rxd4 Rxd4 29. Nxd4 Qd6 30. Qf4 Qg6 31. b5 (31. Nf5 $16 {And now Ne7+ would win.} Qf6 32. Qd4 Qxd4 33. Nxd4) 31... Bd7 $11 32. Kf2 cxb5 33. Rxc8+ Bxc8 34. Qb8 Qf6+ 35. Ke1 Qa6 (35... Qd8 36. Nc6 $16) 36. Nxb5 Kh7 {Threatens to win with ...Qa5+.} 37. Nd4 Bd7 38. Qc7 Qa4 39. Kd2 Kg6 40. Qd6+ f6 41. Qd5 Bc8 42. Qc5 (42. Qe4+ {feels hotter.} Kf7 43. Qd5+ Kg6) 42... Qd7 43. a4 a6 44. Qc2+ Kf7 45. Qc4+ Kg6 46. Kc3 Bb7 47. g3 Qe7 48. Ne6 Kh7 49. Qd3+ g6 50. Qc4 {White wants to play Qc7.} Kh8 51. Kd2 Qd7+ 52. Nd4 Kg7 53. Qe6 (53. a5 {is interesting.} Qd6 54. Qe6 Qb4+ 55. Ke2 Qb2+ 56. Ke1) 53... Qc7 $2 {[#]} (53... Qd8 $11 {and Black has nothing to worry.}) 54. Qxa6 $1 $18 {[%mdl 512] Strongly threatening Ne6+.} Qe7 (54... Bxa6 55. Ne6+) 55. Qc4 Kh7 56. a5 h5 57. a6 Bh1 58. Ne6 Kh6 59. Qf4+ (59. Ke2 $18) 59... g5 $16 {[#]} 60. Qc4 $1 Qa3 {[#]} 61. Nd4 $2 (61. Nc5 $1 $18) 61... Be4 (61... Qa5+ $1 $11 62. Ke2 Bd5) 62. Nc2 Qa5+ (62... Bxc2 $16 63. Kxc2 Qxe3) 63. Kc1 Bd5 (63... f5 $16 64. h4 (64. Qe6+ Kg7 $16) 64... Qb6) 64. Qd3 Bf7 65. Qa3 Qc7 {intending ...Bg6.} 66. Kd2 ({Not} 66. a7 Bg6 $11) 66... Qd7+ (66... Bd5 {is a better defense.} 67. Nd4 Qd8) 67. Nd4 $18 Qh3 $2 (67... Qd8 68. a7 Bd5) 68. a7 Bd5 69. Qf8+ Kg6 70. a8=Q Bxa8 71. Qg8+ Kh6 72. Qxa8 Qg2+ $2 (72... Qxh2+ $18 73. Kc3 Qf2 74. Qh8+ Kg6 75. Qe8+ Kh6 76. Qh8+ Kg6 77. Qe8+ Kh6 78. Qh8+) 73. Qxg2 {Precision: White = 64%, Black = 50%.} 1-0

[Event "19th Lviv Tradition 2018"]
[Site "Lviv"]
[Date "2018.01.24"]
[Round "5"]
[White "Molchanov, Oleksii"]
[Black "Bykovskiy, Oleg"]
[Result "1/2-1/2"]
[WhiteElo "2329"]
[BlackElo "2197"]
[Annotator "NA"]
[PlyCount "60"]
[EventDate "2018.??.??"]
[EventType "tourn"]
[EventCountry "UKR"]
[SourceTitle "playchess.com"]
[Source "ChessBase"]
[SourceQuality "1"]
[TimeControl "5400+30"]

1. e4 {[%emt 0:00:06]} e6 {[%emt 0:00:06]} 2. d4 {[%emt 0:00:13]} d5 {[%emt 0:00:05]} 3. exd5 {[%emt 0:00:48]} exd5 {[%emt 0:00:06]} 4. Nf3 {[%emt 0:00:41]} Nf6 {[%emt 0:00:23]} 5. Bd3 {[%emt 0:00:28]} Bd6 {[%emt 0:00:08]} 6. O-O {[%emt 0:00:15]} O-O {[%emt 0:00:05]} 7. Bg5 {[%emt 0:00:15]} Bg4 {[%emt 0:00:35]} 8. Nbd2 {[%emt 0:00:22]} Nbd7 {[%emt 0:00:07]} 9. c3 {[%emt 0:00:09]} h6 {[%emt 0:00:06]} 10. Bh4 $11 {[%emt 0:00:20]} c6 {[%emt 0:00:10]} 11. Qc2 {[%emt 0:00:15] LiveBook: 9 Games} Qc7 {[%emt 0:00:10]} 12. Bg3 {[%emt 0:00:46]} Rfe8 {[%emt 0:00:36]} 13. Rae1 {[%emt 0:00:09]} Rxe1 {[%emt 0:02:30]} 14. Rxe1 {[%emt 0:00:36]} Re8 {[%emt 0:00:02]} 15. Rxe8+ {[%emt 0:00:29]} Nxe8 {[%emt 0:00:01]} 16. Bf5 {[%emt 0:00:26]} Bxf5 {[%emt 0:01:13]} 17. Qxf5 {[%emt 0:00:08]} Bxg3 {[%emt 0:00:04]} 18. hxg3 {[%emt 0:00:07]} g6 {[%emt 0:00:08]} 19. Qf4 {[%emt 0:00:25]} Qxf4 {[%emt 0:00:09]} 20. gxf4 {[%emt 0:00:04]} Kf8 {[%emt 0:00:56]} 21. Kf1 {[%emt 0:02:12]} Ke7 {[%emt 0:00:12]} 22. Ke2 {[%emt 0:00:15]} Nd6 {[%emt 0:00:16]} 23. Ne5 {[%emt 0:02:02]} g5 {[%emt 0:00:17]} 24. Nxd7 {[%emt 0:00:21]} Kxd7 {[%emt 0:00:01]} 25. fxg5 {[%emt 0:00:10]} hxg5 {[%emt 0:00:02]} 26. g4 {[%emt 0:00:28]} f6 {[%emt 0:00:05]} 27. f3 {[%emt 0:00:11]} Ke6 {[%emt 0:00:06]} 28. a4 {[%emt 0:01:33]} b6 {[%emt 0:00:39]} 29. b4 {[%emt 0:00:17]} Nc8 {[%emt 0:01:22]} 30. Nb3 {[%emt 0:00:55]} Nd6 {[%emt 0:00:08]} 1/2-1/2

[Event "19th Lviv Tradition 2018"]
[Site "Lviv"]
[Date "2018.01.24"]
[Round "5"]
[White "Mosesov, Danylo"]
[Black "Moliboga, V."]
[Result "1/2-1/2"]
[WhiteElo "2294"]
[BlackElo "2310"]
[Annotator "NA"]
[PlyCount "120"]
[EventDate "2018.??.??"]
[EventType "tourn"]
[EventCountry "UKR"]
[SourceTitle "playchess.com"]
[Source "ChessBase"]
[SourceQuality "1"]
[TimeControl "5400+30"]

1. c4 {[%emt 0:00:00]} e5 {[%emt 0:01:31]} 2. g3 {[%emt 0:00:15]} Nc6 {[%emt 0:00:55]} 3. Bg2 {[%emt 0:00:08]} f5 {[%emt 0:00:49]} 4. Nc3 {[%emt 0:00:37]} Nf6 {[%emt 0:00:24]} 5. d3 {[%emt 0:00:15] LiveBook: 441 Partien} Bc5 {[%emt 0:00:54]} 6. e3 {[%emt 0:01:26]} O-O {[%emt 0:03:20]} 7. Nge2 {[%emt 0:00:16]} d6 {[%emt 0:06:52]} 8. O-O {[%emt 0:00:06]} a6 {[%emt 0:00:26]} 9. a3 {[%emt 0:00:52] A25: English Opening vs King's Indian with ...Nc6 but without early d3} Ba7 {[%emt 0:00:42]} 10. b4 {[%emt 0:00:34]} f4 $146 {[%emt 0:01:06]} ({Find the theoretical novelty and annotate with similar games:} 10... Be6 11. Nd5 Qd7 12. Bb2 Bxd5 13. cxd5 Ne7 14. d4 e4 15. Qb3 Nexd5 16. f3 Kh8 17. fxe4 fxe4 {0-1 (33) Tatisic,M (2239)-Maric,D (2259) Belgrade 2010}) 11. gxf4 {[%emt 0:04:30]} Bg4 {[%emt 0:02:19]} 12. b5 {[%emt 0:01:34]} axb5 {[%emt 0:00:52]} 13. cxb5 {[%emt 0:00:01]} Ne7 {[%emt 0:00:25]} 14. fxe5 {[%emt 0:10:59]} dxe5 {[%emt 0:00:29]} 15. f3 {[%emt 0:04:20]} Be6 {[%emt 0:13:01]} 16. d4 {[%emt 0:02:24]} exd4 {[%emt 0:05:41]} 17. Nxd4 {[%emt 0:00:06]} Bc4 {[%emt 0:00:35]} 18. Re1 {[%emt 0:00:16]} Qe8 {[%emt 0:02:02]} 19. Bb2 {[%emt 0:03:28]} Ng6 {[%emt 0:03:43]} 20. f4 {[%emt 0:09:32]} Nh4 {[%emt 0:02:52]} 21. Qc2 {[%emt 0:00:53]} Kh8 {[%emt 0:04:48]} 22. Rad1 {[%emt 0:03:35]} Qh5 {[%emt 0:02:45]} 23. h3 {[%emt 0:06:33]} Rad8 {[%emt 0:03:12]} 24. Qf2 {[%emt 0:07:18]} Bxd4 {[%emt 0:19:48]} 25. Rxd4 {[%emt 0:02:13]} Rxd4 {[%emt 0:00:42]} 26. exd4 {[%emt 0:00:04]} Nxg2 {[%emt 0:01:00]} 27. Qxg2 {[%emt 0:00:37]} Qf7 $11 {[%emt 0:02:48]} ({Black should play} 27... Qh4 $17 28. Ra1 (28. Re7 Nh5 $17) 28... Qxf4) 28. Qg5 {[%emt 0:13:16]} h6 {[%emt 0:04:00]} 29. Qf5 {[%emt 0:01:05]} b6 {[%emt 0:01:20]} 30. a4 {[%emt 0:10:36]} Nh5 {[%emt 0:04:21]} 31. Qxf7 {[%emt 0:00:53]} Rxf7 {[%emt 0:00:18]} 32. f5 {[%emt 0:01:38]} Nf4 {[%emt 0:00:43]} 33. Ba3 {[%emt 0:04:34]} Nxh3+ {[%emt 0:03:23]} 34. Kh2 {[%emt 0:00:07]} Ng5 {[%emt 0:04:45]} 35. Re7 {[%emt 0:02:23]} Nf3+ {[%emt 0:01:22]} 36. Kh3 {[%emt 0:00:50]} Nxd4 {[%emt 0:00:40]} 37. Rxf7 {[%emt 0:00:45]} Bxf7 {[%emt 0:00:02]} 38. Be7 {[%emt 0:00:05]} Nxf5 {[%emt 0:02:10]} 39. Bd8 {[%emt 0:00:03]} Nd6 {[%emt 0:00:21]} 40. Bxc7 {[%emt 0:00:04]} Nc4 {[%emt 0:00:04]} 41. Ne4 {[%emt 0:01:07]} Kh7 {[%emt 0:00:42]} 42. Nd6 {[%emt 0:00:17]} Nxd6 {[%emt 0:00:22]} 43. Bxd6 {[%emt 0:00:04]} Bb3 {[%emt 0:00:03]} 44. Bc7 {[%emt 0:00:06]} Bxa4 {[%emt 0:00:04]} 45. Bxb6 {[%emt 0:00:03]} Bxb5 {[%emt 0:00:09]} 46. Kg3 {[%emt 0:00:11]} g5 {[%emt 0:00:12]} 47. Bf2 {[%emt 0:00:39]} Kg6 {[%emt 0:00:06]} 48. Be1 {[%emt 0:00:12]} Kf5 {[%emt 0:00:12]} 49. Bd2 {[%emt 0:00:23]} Bd7 {[%emt 0:00:31]} 50. Be3 {[%emt 0:00:47]} h5 {[%emt 0:00:38]} 51. Bd2 {[%emt 0:00:17]} Be6 {[%emt 0:00:16]} 52. Be3 {[%emt 0:00:43]} h4+ {[%emt 0:00:35]} 53. Kh2 {[%emt 0:00:21]} Bd5 {[%emt 0:01:10]} 54. Bd2 {[%emt 0:00:20]} Kg4 {[%emt 0:01:51]} 55. Be3 {[%emt 0:00:10]} Bc6 {[%emt 0:00:10]} 56. Bd2 {[%emt 0:00:28]} Kh5 {[%emt 0:00:12]} 57. Be3 {[%emt 0:00:12]} g4 {[%emt 0:00:08]} 58. Bf2 {[%emt 0:00:10]} Kg5 {[%emt 0:00:05]} 59. Be1 {[%emt 0:00:03]} g3+ {[%emt 0:00:04]} 60. Bxg3 {[%emt 0:00:05]} hxg3+ {[%emt 0:00:05]} 1/2-1/2

[Event "19th Lviv Tradition 2018"]
[Site "Lviv"]
[Date "2018.01.24"]
[Round "5"]
[White "Kyrychenko, Maryan"]
[Black "Bets, Anatolij"]
[Result "1-0"]
[WhiteElo "2254"]
[BlackElo "2266"]
[Annotator "NA"]
[PlyCount "109"]
[EventDate "2018.??.??"]
[EventType "tourn"]
[EventCountry "UKR"]
[SourceTitle "playchess.com"]
[Source "ChessBase"]
[SourceQuality "1"]
[TimeControl "5400+30"]

1. e4 {[%emt 0:00:00]} c6 {[%emt 0:02:43]} 2. d4 {[%emt 0:00:00]} d5 {[%emt 0:00:05]} 3. e5 {[%emt 0:00:00]} Bf5 {[%emt 0:00:22]} 4. Nf3 {[%emt 0:00:00]} e6 {[%emt 0:00:07]} 5. Be2 {[%emt 0:00:00]} Nd7 {[%emt 0:00:43]} 6. O-O {[%emt 0:00:00]} Ne7 {[%emt 0:00:26]} 7. Nbd2 {[%emt 0:00:09]} h6 {[%emt 0:00:49] LiveBook: 694 Games B12: Caro-Kann (Vorstoß-Variante)} 8. Nb3 {[%emt 0:00:04]} g5 {[%emt 0:11:21]} 9. Ne1 {[%emt 0:00:24]} Bg7 {[%emt 0:03:59]} 10. f4 {[%emt 0:00:31]} gxf4 {[%emt 0:01:27]} 11. Bxf4 {[%emt 0:00:05]} Qb6 {[%emt 0:09:23]} 12. a4 {[%emt 0:05:28]} a5 {[%emt 0:00:42]} 13. Kh1 {[%emt 0:01:28] [#]} O-O $146 {[%emt 0:19:09]} ({Vorgänger:} 13... h5 14. Bg5 Bg6 15. Bxe7 Kxe7 {1-0 (42) Vachier Lagrave,M (2758)-Harikrishna,P (2727) Beijing 2014}) 14. Qd2 {[%emt 0:08:36]} Kh7 {[%emt 0:01:15]} 15. Bd3 {[%emt 0:01:10]} c5 {[%emt 0:02:44]} 16. dxc5 {[%emt 0:07:00]} Nxc5 {[%emt 0:03:58]} 17. Nxc5 {[%emt 0:02:19]} Qxc5 {[%emt 0:00:07]} 18. Nf3 {[%emt 0:00:10]} Rac8 {[%emt 0:03:43]} 19. c3 {[%emt 0:01:00]} Bxd3 {[%emt 0:07:51]} 20. Qxd3+ {[%emt 0:00:41]} Ng6 {[%emt 0:00:41]} 21. Be3 {[%emt 0:17:25]} Qc4 {[%emt 0:05:04]} 22. Qxc4 {[%emt 0:00:13]} dxc4 {[%emt 0:02:03]} 23. Bb6 {[%emt 0:01:01]} Bxe5 {[%emt 0:09:45]} 24. Bxa5 {[%emt 0:01:21]} Bd6 {[%emt 0:03:17]} 25. Bb6 {[%emt 0:01:01]} Bc5 {[%emt 0:00:47]} 26. Bxc5 {[%emt 0:00:07]} Rxc5 {[%emt 0:00:02]} 27. Rad1 {[%emt 0:00:13]} Rc7 {[%emt 0:00:19]} 28. Nd4 {[%emt 0:01:49]} Ra8 {[%emt 0:00:55]} 29. Nb5 {[%emt 0:06:03]} Re7 {[%emt 0:00:29]} 30. Nd6 {[%emt 0:02:07]} Kg7 {[%emt 0:03:46]} 31. Nxc4 {[%emt 0:00:52]} Rxa4 {[%emt 0:00:25]} 32. Nd6 $11 {[%emt 0:01:09]} Ra2 {[%emt 0:01:59]} 33. Rd2 {[%emt 0:00:09]} b6 {[%emt 0:03:38]} 34. h3 {[%emt 0:01:24]} f5 {[%emt 0:00:52]} 35. Re2 {[%emt 0:01:05]} Ra8 {[%emt 0:00:37]} 36. b4 {[%emt 0:01:07]} Rd8 {[%emt 0:00:22]} 37. Rd1 {[%emt 0:01:36]} Kf8 {[%emt 0:00:35]} 38. c4 {[%emt 0:01:33]} h5 {[%emt 0:01:10]} 39. c5 {[%emt 0:00:03]} bxc5 {[%emt 0:00:12]} 40. bxc5 {[%emt 0:00:01]} h4 {[%emt 0:00:25]} 41. Rf1 {[%emt 0:00:47]} Kg7 {[%emt 0:00:23]} 42. Rd1 {[%emt 0:04:32]} Kf8 {[%emt 0:00:53]} 43. Rde1 {[%emt 0:01:56]} Nf4 {[%emt 0:00:00]} 44. Re3 {[%emt 0:00:09]} Rg7 {[%emt 0:00:14]} 45. Rf3 {[%emt 0:00:57]} Nxg2 {[%emt 0:02:29]} 46. Re2 {[%emt 0:00:03]} Rdd7 {[%emt 0:00:14]} 47. Rxg2 {[%emt 0:00:18]} Rxg2 {[%emt 0:00:04]} 48. Kxg2 {[%emt 0:00:00]} Rc7 {[%emt 0:00:02]} 49. Rc3 {[%emt 0:00:14]} Ke7 {[%emt 0:00:46]} 50. Kf3 {[%emt 0:00:25]} Rc6 {[%emt 0:00:00]} 51. Ke3 {[%emt 0:01:22]} Kf6 {[%emt 0:01:53]} 52. Kd4 {[%emt 0:00:11]} f4 {[%emt 0:00:16]} 53. Ke4 {[%emt 0:00:05]} Kg5 {[%emt 0:00:04]} 54. Nf7+ {[%emt 0:00:18]} Kf6 {[%emt 0:00:12]} 55. Ne5 {[%emt 0:00:09]} 1-0

[Event "19th Lviv Tradition 2018"]
[Site "Lviv"]
[Date "2018.01.24"]
[Round "5"]
[White "Kryvoruchko, Vita"]
[Black "Sevostianov, Pavel"]
[Result "0-1"]
[WhiteElo "2192"]
[BlackElo "2266"]
[Annotator "NA"]
[PlyCount "62"]
[EventDate "2018.??.??"]
[EventType "tourn"]
[EventCountry "UKR"]
[SourceTitle "playchess.com"]
[Source "ChessBase"]
[SourceQuality "1"]
[TimeControl "5400+30"]

1. e4 {[%emt 0:03:00]} e6 {[%emt 0:01:44]} 2. d4 {[%emt 0:03:11]} d5 {[%emt 0:00:18]} 3. Nd2 {[%emt 0:00:05]} c5 {[%emt 0:01:56]} 4. exd5 {[%emt 0:00:11]} Qxd5 {[%emt 0:00:03]} 5. Ngf3 {[%emt 0:00:12]} cxd4 {[%emt 0:01:52]} 6. Bc4 {[%emt 0:00:06]} Qd6 {[%emt 0:00:19]} 7. Qe2 {[%emt 0:00:07]} Nf6 {[%emt 0:01:00]} 8. Nb3 {[%emt 0:00:02]} Be7 {[%emt 0:00:48]} 9. Bg5 {[%emt 0:00:15]} Nc6 {[%emt 0:03:28]} 10. O-O-O {[%emt 0:00:08] C07: French Tarrasch: 3...c5, 4 Ngf3 and 4 exd5 Qxd5} O-O {[%emt 0:07:50]} (10... h6 11. Bh4 Qf4+ 12. Kb1 Qe4 13. Nbxd4 Qxe2 14. Bxe2 Bd7 15. Nxc6 Bxc6 16. Ne5 Ne4 17. Bxe7 Kxe7 {½-½ (73) Baklan,V (2617)-Danielsen,H (2543) Reykjavik 2011}) 11. Nbxd4 {[%emt 0:00:06]} Nxd4 {[%emt 0:00:31]} 12. Rxd4 {[%emt 0:00:13]} Qc5 {[%emt 0:02:02]} 13. Rhd1 {[%emt 0:00:50]} b5 {[%emt 0:08:30]} 14. Bxb5 {[%emt 0:03:07]} Bb7 $146 {[%emt 0:02:47]} ({Predecessor:} 14... Rb8 15. Ba4 Bb7 16. Be3 Qa5 17. Bb3 Bc6 {1-0 (48) Areshchenko,K (2195)-Sluzhbina,A (1993) Nikolaev 2003}) 15. Be3 {[%emt 0:10:03]} Bxf3 {[%emt 0:02:43]} 16. gxf3 {[%emt 0:00:08]} Qh5 {[%emt 0:02:08]} 17. f4 {[%emt 0:01:01]} Qf5 {[%emt 0:04:42]} 18. Ra4 {[%emt 0:02:13]} Nd5 {[%emt 0:09:44]} 19. Bc6 {[%emt 0:18:00]} Nxe3 {[%emt 0:03:22]} 20. fxe3 {[%emt 0:00:08]} Rab8 {[%emt 0:05:02]} 21. c3 {[%emt 0:12:14]} Rfc8 {[%emt 0:01:22]} 22. Be4 {[%emt 0:02:06]} Qc5 {[%emt 0:01:04]} 23. Rdd4 {[%emt 0:15:18]} Qb6 {[%emt 0:03:07]} 24. Rd7 {[%emt 0:04:39]} Bc5 {[%emt 0:00:45]} 25. Bxh7+ {[%emt 0:00:20]} Kf8 $16 {[%emt 0:03:29]} 26. Raxa7 {[%emt 0:08:34]} Ke8 {[%emt 0:02:48]} 27. Rxf7 {[%emt 0:01:25]} Qc6 {[%emt 0:06:31]} 28. Rad7 {[%emt 0:16:23]} Ba3 {[%emt 0:03:22]} 29. Rxg7 {[%emt 0:02:48]} Qxc3+ {[%emt 0:00:17]} 30. Bc2 {[%emt 0:00:04]} Qxb2+ {[%emt 0:01:28]} 31. Kd2 Qc3+ 0-1

[Event "19th Lviv Tradition 2018"]
[Site "Lviv"]
[Date "2018.01.24"]
[Round "5"]
[White "Medvedyk, Volodymyr"]
[Black "Kagramanianz, Vartan"]
[Result "0-1"]
[WhiteElo "2116"]
[BlackElo "2247"]
[Annotator "NA"]
[PlyCount "157"]
[EventDate "2018.??.??"]
[EventType "tourn"]
[EventCountry "UKR"]
[SourceTitle "playchess.com"]
[Source "ChessBase"]
[SourceQuality "1"]
[TimeControl "5400+30"]

1. c4 {[%emt 0:00:17]} c6 {[%emt 0:00:11]} 2. g3 {[%emt 0:01:09]} d5 {[%emt 0:00:09]} 3. Nf3 {[%emt 0:00:08]} Nf6 {[%emt 0:00:09]} 4. Bg2 {[%emt 0:00:08]} Bf5 {[%emt 0:00:21]} 5. cxd5 {[%emt 0:01:03]} cxd5 {[%emt 0:00:42]} 6. Qb3 {[%emt 0:02:12]} Bc8 {[%emt 0:00:13] A11: English Opening: 1...c6} (6... Nc6 7. Qxb7 Bd7 8. Qb3 Rb8 9. Qd1 e5 10. O-O e4 11. Ne1 Bc5 12. d3 h5 13. Nc3 h4 14. dxe4 hxg3 15. hxg3 Bh3 16. Bxh3 Rxh3 17. Kg2 Qc8 18. Nd3 Rh5 19. Rh1 Rxh1 20. Qxh1 {1-0 (20) Dubov,D (2648)-Goganov,A (2627) St Petersburg 2016}) 7. O-O {[%emt 0:02:26]} Nc6 {[%emt 0:00:11]} 8. d4 {[%emt 0:02:40]} e6 {[%emt 0:01:49]} 9. Nc3 {[%emt 0:07:42]} Be7 {[%emt 0:00:28]} 10. Bf4 {[%emt 0:01:36]} O-O {[%emt 0:00:15]} 11. Rac1 {[%emt 0:01:31]} Na5 {[%emt 0:04:51]} 12. Qc2 $146 {[%emt 0:03:16]} ({Predecessor:} 12. Qd1 Nc4 13. Ne5 Nd6 14. f3 {½-½ (50) Rasmussen,C (2303)-Johansen,T (2210) Gausdal 2001}) 12... Bd7 {[%emt 0:01:03]} 13. Nd2 {[%emt 0:05:13]} Rc8 {[%emt 0:02:52]} 14. Qd3 {[%emt 0:09:10]} Qb6 {[%emt 0:06:56]} 15. b3 {[%emt 0:08:08]} Ba3 {[%emt 0:05:31]} 16. Rb1 {[%emt 0:01:37]} Nc6 {[%emt 0:05:43]} 17. Nf3 {[%emt 0:06:15]} Nb4 {[%emt 0:04:19]} 18. Qe3 {[%emt 0:02:39]} Qa5 {[%emt 0:04:06]} 19. Qd2 {[%emt 0:02:33]} Nc6 {[%emt 0:13:34]} 20. Na4 {[%emt 0:08:04]} Bb4 {[%emt 0:00:31]} 21. Qb2 {[%emt 0:12:13]} b5 {[%emt 0:05:22]} 22. a3 {[%emt 0:01:27]} Be7 {[%emt 0:00:49]} 23. Nc5 {[%emt 0:03:04]} Nxd4 {[%emt 0:03:33]} 24. Nxd4 $15 {[%emt 0:03:32]} Bxc5 {[%emt 0:00:16]} 25. b4 {[%emt 0:00:46]} Bxd4 {[%emt 0:00:29]} 26. Qxd4 {[%emt 0:00:13]} Qb6 {[%emt 0:02:17]} 27. Qxb6 {[%emt 0:05:48]} axb6 {[%emt 0:00:10]} 28. Be3 {[%emt 0:03:20]} Rc6 {[%emt 0:06:44]} 29. Rfc1 {[%emt 0:00:07]} Rfc8 {[%emt 0:00:19]} 30. Rxc6 {[%emt 0:01:05]} Rxc6 {[%emt 0:00:09]} 31. Bd4 {[%emt 0:01:24]} Be8 {[%emt 0:03:57]} 32. e3 {[%emt 0:01:35]} Ne4 {[%emt 0:00:42]} 33. Bxe4 {[%emt 0:02:39]} dxe4 {[%emt 0:00:07]} 34. f4 {[%emt 0:01:26]} exf3 {[%emt 0:01:00]} 35. Kf2 {[%emt 0:00:24]} f6 {[%emt 0:00:30]} 36. Kxf3 {[%emt 0:00:36]} e5 {[%emt 0:00:13]} 37. Bb2 {[%emt 0:00:31]} Rc2 {[%emt 0:00:43]} 38. h3 {[%emt 0:00:29]} Kf7 {[%emt 0:03:00]} 39. e4 {[%emt 0:00:29]} h5 {[%emt 0:01:27]} 40. Bc1 {[%emt 0:00:31]} Bc6 {[%emt 0:00:22]} 41. g4 {[%emt 0:00:31]} Rc4 {[%emt 0:00:21]} 42. Ra1 {[%emt 0:00:30]} Rxe4 {[%emt 0:01:07]} 43. Kg3 {[%emt 0:00:27]} hxg4 {[%emt 0:02:00]} 44. hxg4 {[%emt 0:00:01]} Re1 {[%emt 0:00:52]} 45. Bb2 {[%emt 0:00:58]} Re2 {[%emt 0:00:14]} 46. Rc1 {[%emt 0:00:28]} Bd5 {[%emt 0:00:58]} 47. Rc7+ {[%emt 0:00:19]} Kg6 {[%emt 0:00:35]} 48. Bc1 {[%emt 0:00:24]} Rg2+ {[%emt 0:02:11]} 49. Kh3 {[%emt 0:00:16]} Rg1 {[%emt 0:00:32]} 50. Be3 {[%emt 0:00:30]} Ra1 {[%emt 0:00:29]} 51. Rc3 {[%emt 0:00:27]} Rb1 {[%emt 0:02:55]} 52. Bxb6 {[%emt 0:00:48]} Rb3 {[%emt 0:00:07]} 53. Rxb3 {[%emt 0:00:24]} Bxb3 {[%emt 0:00:02]} 54. Kg3 {[%emt 0:00:58]} Kf7 {[%emt 0:00:18]} 55. Kf2 {[%emt 0:00:31]} g6 {[%emt 0:00:38]} 56. Bc7 {[%emt 0:00:29]} Ke6 {[%emt 0:00:07]} 57. Bb6 {[%emt 0:00:32]} Bd1 {[%emt 0:00:21]} 58. Kg3 {[%emt 0:00:26]} Kd5 {[%emt 0:00:31]} 59. Bd8 {[%emt 0:00:29]} f5 {[%emt 0:00:09]} 60. gxf5 {[%emt 0:00:24]} gxf5 {[%emt 0:00:02]} 61. Bc7 {[%emt 0:00:31]} Ke4 {[%emt 0:00:25]} 62. Bb8 {[%emt 0:00:39]} f4+ {[%emt 0:00:20]} 63. Kf2 {[%emt 0:00:03]} Kf5 {[%emt 0:00:26]} 64. Ke1 {[%emt 0:00:56]} Bb3 {[%emt 0:00:11]} 65. Kf2 {[%emt 0:00:30]} e4 {[%emt 0:00:21]} 66. Ba7 {[%emt 0:00:29]} e3+ {[%emt 0:00:16]} 67. Kf3 {[%emt 0:00:17]} Bd1+ {[%emt 0:00:09]} 68. Kg2 {[%emt 0:00:08]} Ke4 {[%emt 0:00:30]} 69. Kf1 {[%emt 0:00:18]} Bb3 {[%emt 0:00:12]} 70. Bb8 {[%emt 0:01:05]} f3 {[%emt 0:00:13]} 71. Bg3 {[%emt 0:00:17]} Bc4+ {[%emt 0:00:59]} 72. Ke1 {[%emt 0:00:12]} f2+ {[%emt 0:00:08]} 73. Bxf2 {[%emt 0:00:03]} exf2+ {[%emt 0:00:07]} 74. Kxf2 {[%emt 0:00:01]} Kd3 {[%emt 0:00:31]} 75. Kf3 {[%emt 0:00:41]} Kc3 {[%emt 0:00:19]} 76. Ke3 {[%emt 0:00:07]} Kb3 {[%emt 0:00:09]} 77. Kd4 {[%emt 0:00:12]} Kxa3 {[%emt 0:00:12]} 78. Kc3 {[%emt 0:00:03]} Bb3 {[%emt 0:00:15]} 79. Kd4 0-1

[Event "19th Lviv Tradition 2018"]
[Site "Lviv"]
[Date "2018.01.25"]
[Round "6"]
[White "Moliboga, V."]
[Black "Molchanov, Oleksii"]
[Result "1/2-1/2"]
[WhiteElo "2310"]
[BlackElo "2329"]
[Annotator "TA"]
[PlyCount "63"]
[EventDate "2018.??.??"]
[EventType "tourn"]
[EventCountry "UKR"]
[SourceTitle "playchess.com"]
[Source "ChessBase"]
[SourceQuality "1"]

{[%evp 15,63,27,26,8,23,-11,20,0,18,9,11,7,18,15,32,32,22,6,14,23,41,0,24,0,0,6,14,-8,0,-20,-21,-14,-24,-14,-20,-100,0,-21,0,0,9,-73,0,-93,0,-64,0,-93,0,-73]} 1. d4 Nf6 2. Bf4 d5 3. e3 c5 4. c3 Nc6 5. Nd2 cxd4 (5... Bf5 6. Ngf3 e6 7. Be2 Bd6 8. dxc5 Bxc5 9. Nd4 Bg6 10. Qa4 O-O 11. Nxc6 bxc6 12. Qxc6 Rc8 13. Qa4 Re8 14. O-O e5 {0-1 (57) Le,Q (2737)-Ding,L (2777) Riadh 2017}) 6. exd4 {D00: Damenbauernspiele} a6 7. Bd3 Bg4 8. Ngf3 e6 {LiveBook: 31 Partien} 9. Qe2 Bd6 10. Bg3 Bh5 11. O-O $146 ({Vorgänger:} 11. Bxd6 Qxd6 12. O-O Bg6 13. Rae1 Nd7 14. Ng5 {1-0 (23) Pedersen,K-Kristensen,F Denmark 1994}) 11... O-O 12. Rfe1 Bxg3 13. hxg3 Rc8 14. Qe3 Bg6 15. Bxg6 hxg6 16. Ng5 Ng4 17. Qf4 $1 {[%cal Rf4g4]} Nh6 $1 18. Ndf3 Qf6 19. Qh4 Qf5 20. Nh2 Rce8 21. Re2 f6 22. Nh3 g5 $36 {[%mdl 2048] Schwarz hat Druck.} 23. Qh5 Re7 24. Rae1 Rfe8 25. f3 (25. Rd2 $11) 25... b5 (25... e5 $17 26. Nf1 Qh7) 26. Nf1 Qh7 {[#] Weiss muss nun ...g6 beachten.} 27. Nf2 $1 b4 28. Qh3 (28. Ne3 $11) 28... Nf5 ({Besser ist} 28... e5 $17) 29. Qg4 (29. Qxh7+ $11 {hält das Gleichgewicht.} Kxh7 30. Nd3) 29... Nh6 30. Qh3 {[%cal Re2e6]} Nf5 (30... e5 $15) 31. Qg4 (31. Qxh7+ $11 {bleibt in der Remisbreite.} Kxh7 32. Nd3) 31... Nh6 32. Qh3 {Precision: Weiß = 23%, Schwarz = 33%.} 1/2-1/2